000 00328nam a2200133Ia 4500
008 240624s9999 xx 000 0 und d
041 _aeng
082 _a332 SMI
100 _aSMITH ADAM
245 _aSUPERMONEY
260 _c2006
_aNew Jersey
_bJohn Wiley and Sons
300 _axxxviii, : 298 : p. : cm. ; 21
365 _c
_b30
999 _c19116
_d19116